• 首页
  • 本馆介绍
  • 公告通知
  • 最新文献
  • 馆藏检索
  • 电子资源
  • 读者导购
  • 参考咨询
  • 我的图书馆
  • 登录
  • 详细信息显示
  • 放入我的书架
  • 预约/预借图书
  • 作者相关作品
  • 分类相关作品
  • 丛书相关作品
  • 出版社相关作品

书目信息

  • 表格格式
  • 工作单格式
  • 卡片格式
题名:
中国艾滋病调查
    
 
作者: 高耀洁 著
分册:  
出版信息: 桂林   广西师范大学出版社  2005
页数: 311页
开本: 20cm
丛书名:
单 册:
中图分类: R512.910.1
科图分类:
主题词: 传染病
电子资源:
ISBN: 7-5633-5317-8
000 00549nam0 2200193 450
001 0731188775
005 20071003155527.85
010    @a7-5633-5317-8@dCNY19.80
100    @a20070806d2005 km y0chiy0120 ea
101 0  @achi
102    @aCN@b450000
200 1  @a中国艾滋病调查@Azhong guo ai zi bing diao cha@f高耀洁著@Fgao yao jie zhu
210    @a桂林@c广西师范大学出版社@d2005
215    @a311页@d20cm
606 0  @a传染病
690    @aR512.910.1@v3
701  0 @a高耀洁@Agao yao jie@4著
801  0 @aCN@bPFT@c20071003
905    @a10447@dR512.910.1@e112
    
    中国艾滋病调查/高耀洁著.-桂林:广西师范大学出版社,2005
    311页;20cm
    
    
    ISBN 7-5633-5317-8:CNY19.80
    
●
相关链接 在E读中查询图书 在五车中查询图书 在当当中查询图书 在豆瓣中查询图书


正题名:中国艾滋病调查     索取号:R512.910.1/112         预约/预借

序号 登录号 条形码 馆藏地/架位号 状态 备注
1 0626243   206262435   第三借阅区/ [索取号:R512.910.1/112] 在馆    
2 0791930   207919305   第二样本阅览室/ [索取号:R512.910.1/112] 在馆    
3 0791931   207919314   密集书库/ [索取号:R512.910.1/112] 在馆    
4 0791932   207919323   密集书库/ [索取号:R512.910.1/112] 在馆    
5 0791933   207919332   密集书库/ [索取号:R512.910.1/112] 在馆    
6 0791934   207919341   密集书库/ [索取号:R512.910.1/112] 在馆    
7 0791935   207919350   密集书库/ [索取号:R512.910.1/112] 在馆    
8 0791936   207919369   密集书库/ [索取号:R512.910.1/112] 在馆    
9 0791937   207919378   密集书库/ [索取号:R512.910.1/112] 在馆    
唐山师范学院图书馆 欢迎您!
大连网信软件有限公司© 版权所有